LEADER 01074cam1-2200373---450- 001 990000949930203316 005 20120509092823.0 035 $a0094993 035 $aUSA010094993 035 $a(ALEPH)000094993USA01 035 $a0094993 100 $a20020206f---0---9km-y0itay50------ba 101 0 $aita 102 $aIT 105 $ay|||z|||001yy 200 1 $aTeatro e spettacolo$fa cura di Franca Angelini 210 $aRoma$aBari$cLaterza 215 $avolumi$d21 cm 606 0 $aTeatro$xStoria$2BNCF 676 $a792.09 702 1$aANGELINI,$bFranca$f<1930- > 801 0$aIT$bsalbc$gISBD 912 $a990000949930203316 951 $aXIII.1.C. 203/(VII T 180/)$bL.M.$cVII T 959 $aBK 969 $aUMA 979 $aPATTY$b90$c20020206$lUSA01$h1618 979 $aPATTY$b90$c20020325$lUSA01$h1231 979 $c20020403$lUSA01$h1737 979 $aPATRY$b90$c20040406$lUSA01$h1705 979 $aANNAMARIA$b90$c20090616$lUSA01$h0925 979 $aANNAMARIA$b90$c20120509$lUSA01$h0928 996 $aTeatro e spettacolo$962344 997 $aUNISA LEADER 01104nam--2200385---450- 001 990003428390203316 005 20100728153002.0 010 $a3-89586-219-3 035 $a000342839 035 $aUSA01000342839 035 $a(ALEPH)000342839USA01 035 $a000342839 100 $a20100721d1997----km-y0itay50------ba 101 $aita 102 $aDE 105 $a||||||||001yy 200 1 $aSiciliano$fRainer Bigalke 210 $aMünchen [etc.]$cLincom Europa$d1997 215 $a102 p., [2] c. di tav.$cill.$d21 cm 225 2 $aLanguages of the World/Materials$v129 410 0$12001$aLanguages of the World/Materials$v129 454 1$12001 461 1$1001-------$12001 606 0 $aDialetti siciliani$2BNCF 676 $a457.8 700 1$aBIGALKE,$bRainer$0164770 801 0$aIT$bsalbc$gISBD 912 $a990003428390203316 951 $aVI.3.D. 442$b219718 L.M.$cVI.3.D.$d00280743 959 $aBK 969 $aUMA 979 $aMARTUCCIEL$b90$c20100721$lUSA01$h1357 979 $aANDRIA$b90$c20100728$lUSA01$h1530 996 $aSiciliano$9541238 997 $aUNISA